000 00639nam a2200217 a 4500
999 _c2169
_d2169
001 2169
003 BD-JhCC
005 20171030172139.0
008 171030s2000 bg ||||| |||| 00| 0 ben d
035 _a(BD-JhCC)2169
040 _aBD-JhCC
_dBD-JhCC
041 _aben
082 _222
_a576.64
_bMAT 2000
100 _aমাতীন, আহমেদ
245 _aভাইরাসতত্ত্ব পরিচয় /
_cআহমেদ মাতীন
260 _aঢাকা :
_bবাংলা একাডেমী,
_c২০০০
300 _a228 p. :
_c22cm.
650 _aVirology
942 _2ddc
_cBK